Découvertes Scientifiques par Dates - Statistiques

Statistiques générales
  • Ce quiz a été pris 41 fois
  • Le résultat moyen est 6 sur 20
Statistiques - réponses
Hint Réponse % Correct
-3300 Écriture Cunéiforme
84%
1450 L'imprimerie
72%
1313 Le Canon
50%
1783 Montgolfière
44%
1885 Vaccin contre la Rage
44%
1978 Premier Bébé « éprouvette »
41%
1642 Calculatrice (Pascaline)
31%
1769 Machine à Vapeur
31%
1827 La Photographie
28%
1810 La Boîte de Conserve
25%
1903 L'Avion
25%
1671 Télescope
25%
1876 Le Téléphone
19%
1971 Stylo 4 couleurs
19%
1926 Télévision
19%
1886 Machine à laver
16%
1887 Le Courant Alternatif
9%
1842 Premier Programme Informatique
9%
1950 Stylo BIC
9%
1895 Trotinette
6%
Aucun quiz correspondant
Distribution des résultats
% des personnes avec chaque résultat
Percentile par nombre de réponses
Votre historique - résultats
Vous n’avez pas pris ce quiz